• 首页
  • 本馆介绍
  • 公告通知
  • 最新文献
  • 馆藏检索
  • 电子资源
  • 读者导购
  • 参考咨询
  • 我的图书馆
  • 登录
  • 详细信息显示
  • 放入我的书架
  • 预约/预借图书
  • 作者相关作品
  • 分类相关作品
  • 丛书相关作品
  • 出版社相关作品

书目信息

  • 表格格式
  • 工作单格式
  • 卡片格式
题名:
不怕鬼的故事
    
 
作者: ;中国社会科学院文学研究所 编
分册:  
出版信息: 北京   人民文学出版社  1988.10
页数: 103页页
开本: 19cm
丛书名:
单 册:
中图分类: I242.1
科图分类: 242.1
主题词: 小说--中国
电子资源:
ISBN:
000 00619nam0 2200205 45
001 0312221749
005 20060819104831.43
010    @dCNY0.34
091    @a10019.1620
100    @a20031222d1988 km y0chiy0120 ea
101    @achi
200 1  @a不怕鬼的故事@ABu Pa Gui De Gu Shi@f中国社会科学院文学研究所编@FZhong Guo She Hui Ke Xue Yuan Wen Xue Yan Jiu Suo Bian
210    @a北京@c人民文学出版社@d1988.10
215    @a103页页@d19cm
606 0  @a小说@x中国
690    @aI242.1@v4
692    @a242.1
711 02 @a中国社会科学院文学研究所@4编
801    @aCN@bTSTCL@c20060819
905    @dI242.1@e8@f2@b77155-156@b77152@f1
    
    不怕鬼的故事/中国社会科学院文学研究所编.-北京:人民文学出版社,1988.10
    103页页;19cm
    
    
    ISBN :CNY0.34
    
●
相关链接 在E读中查询图书 在五车中查询图书 在当当中查询图书 在豆瓣中查询图书


正题名:不怕鬼的故事     索取号:I242.1/8         预约/预借

序号 登录号 条形码 馆藏地/架位号 状态 备注
1 0077152   001891901   密集书库/ [索取号:I242.1/8] 在馆    
2 0077155   001891867   密集书库/ [索取号:I242.1/8] 在馆    
3 0077156   001891821   密集书库/ [索取号:I242.1/8] 在馆    
4 0469876   204698764   密集书库/ [索取号:I242.1/8] 在馆    
唐山师范学院图书馆 欢迎您!
大连网信软件有限公司© 版权所有